000 00582nam a2200181Ia 4500
008 100920s9999 xx 000 0 und d
082 _b58277
_a330 थ 88
100 _aDesai vasant.
245 _aDEVELOPMENT BANKING : ISSUES AND OPTIONS.
260 _bHimalaya Publishing House, BOMBAY.
_c1988
300 _a483
_bसाधी
365 _b175
520 _aअर्थशास्त्र.
630 _aDEVELOPMENT BANKING : ISSUES AND OPTIONS.
650 _aअर्थशास्त्र.
730 _aDEVELOPMENT BANKING : ISSUES AND OPTIONS.
942 _cBOOK
999 _c701994
_d701991